| 000 | 00543nam a2200145Ia 4500 | ||
|---|---|---|---|
| 008 | 100122s9999 xx 000 0 und d | ||
| 082 |
_b41774 _a922 |
||
| 100 | _aदेव शंकर श्रीकृष्ण | ||
| 245 | _aश्री समर्थ चरित्र खंड -3 | ||
| 260 |
_bकेशव भिकाजी ढवळे _c1905 |
||
| 300 | _a296 | ||
| 630 | _aश्री समर्थ चरित्र खंड -3 | ||
| 730 | _aश्री समर्थ चरित्र खंड -3 | ||
| 942 | _cBOOK | ||
| 999 |
_c422318 _d422315 |
||